000 00505nam a22001817a 4500
999 _c393
_d388
008 170616b xxu||||| |||| 00| p tur d
020 _a9758747177
041 _atur
050 _aPL248.U984
100 _aUzunbay, Zeynep
_9317
245 _aKime
_cZeynep Uzunbay
250 _a1. baskı
260 _aİstanbul
_bPapirüs Yayınevi
_c2003
300 _a63 sayfa
500 _a3 adet mevcuttur. Ahmet Tüzün, kitabı incelemiş ve notlar almış.
650 0 _9145
_aTürk Edebiyatı
942 _2lcc
_cBK